01789cam a2200325 i 450000100060000000300080000600500170001400800390003102000150007003500190008504000320010404100080013608200210014411100850016524501770025026000400042730000250046750001030049250400510059550500330064665000370067970000340071671000660075094200120081699900170082895201420084595201500098795201500113795201760128713655BD-RjUL20211208235505.0140201s1980 nyua b 101 0 eng a0080250777 a(BD-RjUL)13707 aDLCcDLCdDLCdBD-RjULbeng aeng00a621.47bSOL 19802 aInternational Symposium-Workshop on Solar Energyd(1978 :cCairo, Egypt)920415410aSolar energy :binternational progress : proceedings of the International Symposium-Workshop on Solar Energy, 16-22 June 1978, Cairo, Egypt /cedited by T. Nejat Veziroglu. aNew York :bPergamon Press,cc1980. av. :bill. ;c25 cm. a"Presented by the Clean Energy Research Institute ... University of Miami, Coral Gables, Florida." aIncludes bibliographical references and index. aVol.1---, Vol.3---, Vol.2--- 0aSolar energyxCongresses.9294511 aVezirogˆlu, T. Nejat.9427382 aUniversity of Miami.bClean Energy Research Institute.942739 2ddccBK c13655d13655 00102ddc40718NFICaRUCLbRUCLcReadingd1983-02-28eAsia foundationl0o621.47 SOL V-1 1980r2014-02-01 00:00:00tC-1w2021-12-08yBK 00102ddc40718NFICaRUCLbRUCLcReadingd1983-02-28eAsia Foundation, Dhaka.l0o621.47 SOL V-3 1980r2017-04-05 00:00:00tC-1w2017-04-05yBK 00102ddc40718NFICaRUCLbRUCLcReadingd1983-02-28eAsia Foundation, Dhaka.l0o621.47 SOL V-2 1980r2017-04-06 00:00:00tC-1w2017-04-06yBK 00102ddc40718NFICaRUCLbRUCLcReadingd1983-02-28eAsia Foundation san Francisco. California. U:S.A.l0o621.47 SOL 1980 V-4r2019-01-28 00:00:00tC-1w2019-01-28yBK